Lippincott nursing procedures. (Record no. 21529)
[ view plain ]
| 000 -LEADER | |
|---|---|
| fixed length control field | 01049cam a22003255a 4500 |
| 001 - CONTROL NUMBER | |
| control field | 18621715 |
| 005 - DATE AND TIME OF LATEST TRANSACTION | |
| control field | 20201128023709.0 |
| 008 - FIXED-LENGTH DATA ELEMENTS--GENERAL INFORMATION | |
| fixed length control field | 150518s2015 paua frb 001 0 eng d |
| 010 ## - LIBRARY OF CONGRESS CONTROL NUMBER | |
| LC control number | 2015019766 |
| 020 ## - INTERNATIONAL STANDARD BOOK NUMBER | |
| International Standard Book Number | 9781469853031 (alk. paper) |
| 020 ## - INTERNATIONAL STANDARD BOOK NUMBER | |
| International Standard Book Number | 1469853035 (alk. paper) |
| 035 ## - SYSTEM CONTROL NUMBER | |
| System control number | (DNLM)101658892 |
| 040 ## - CATALOGING SOURCE | |
| Original cataloging agency | DNLM/DLC |
| Language of cataloging | eng |
| Transcribing agency | DLC |
| Modifying agency | DLC |
| -- | EG-ScBUE |
| 082 04 - DEWEY DECIMAL CLASSIFICATION NUMBER | |
| Classification number | 610.73 |
| Item number | LIP |
| Edition number | 22 |
| 245 00 - TITLE STATEMENT | |
| Title | Lippincott nursing procedures. |
| 246 30 - VARYING FORM OF TITLE | |
| Title proper/short title | Nursing procedures |
| 250 ## - EDITION STATEMENT | |
| Edition statement | 7th ed. |
| 260 ## - PUBLICATION, DISTRIBUTION, ETC. (IMPRINT) | |
| Place of publication, distribution, etc | Philadelphia : |
| Name of publisher, distributor, etc | Wolters Kluwer, |
| Date of publication, distribution, etc | [2015] |
| 300 ## - PHYSICAL DESCRIPTION | |
| Extent | ix, 854 p. : |
| Other physical details | ill. (col.) ; |
| Dimensions | 28 cm. |
| 500 ## - GENERAL NOTE | |
| General note | Preceded by Lippincott's nursing procedures. 6th ed. c.2013. |
| 500 ## - GENERAL NOTE | |
| General note | Preceded by Lippincott's nursing procedures. 6th ed. c.2013. |
| 500 ## - GENERAL NOTE | |
| General note | Index : p. 845-854. |
| 504 ## - BIBLIOGRAPHY, ETC. NOTE | |
| Bibliography, etc | Includes bibliographical references. |
| 650 #7 - SUBJECT ADDED ENTRY--TOPICAL TERM | |
| Topical term or geographic name as entry element | Nursing. |
| Source of heading or term | BUEsh |
| 9 (RLIN) | 2162 |
| 650 #7 - SUBJECT ADDED ENTRY--TOPICAL TERM | |
| Topical term or geographic name as entry element | Evidence-based nursing. |
| Source of heading or term | BUEsh |
| 9 (RLIN) | 27247 |
| 651 ## - SUBJECT ADDED ENTRY--GEOGRAPHIC NAME | |
| Source of heading or term | BUEsh |
| 653 ## - INDEX TERM--UNCONTROLLED | |
| Resource For college | Nursing |
| Arrived date list | March2016 |
| 650 #7 - SUBJECT ADDED ENTRY--TOPICAL TERM | |
| 9 (RLIN) | 4472 |
| Topical term or geographic name as entry element | Nursing care |
| Source of heading or term | BUEsh |
| 942 ## - ADDED ENTRY ELEMENTS (KOHA) | |
| Source of classification or shelving scheme | Dewey Decimal Classification |
| Withdrawn status | Item status | Source of classification or shelving scheme | Damaged status | Not for loan | Vendor | Home library | Current library | Shelving location | Date acquired | Source of acquisition | Cost, normal purchase price | Total Checkouts | Total Renewals | Full call number | Barcode | Date last seen | Date last borrowed | Cost, replacement price | Koha item type |
|---|---|---|---|---|---|---|---|---|---|---|---|---|---|---|---|---|---|---|---|
| Dewey Decimal Classification | Alahram | Central Library | Central Library | First floor | 28/03/2016 | Purchase | 540.00 | 4 | 31 | 610.73 LIP | 000032199 | 02/05/2026 | 24/03/2026 | 675.00 | Book - Borrowing |